000 00379nam a22001697a 4500
005 20160623103243.0
008 160623b xxu||||| |||| 00| 0 eng d
020 _a81-85386-05-6
041 _aeng
082 _b9276
100 _aLesikar and Pettit
_92550
245 _aBusiness Communication
260 _bAITBS
300 _a675
650 _aManagement
_9241
942 _cBK
999 _c3630
_d3629